| 000 | 01024nam a2200241Ia 4500 | ||
|---|---|---|---|
| 003 | Ost | ||
| 005 | 20260507075650.0 | ||
| 008 | 260507s9999||||xx |||||||||||||| ||und|| | ||
| 020 | _a7485433977 | ||
| 040 | _cfsecg | ||
| 041 | _aara | ||
| 082 | _a358.04 | ||
| 100 |
_aحماد، طارق عبد العال _eمؤلف |
||
| 245 | 0 |
_aحوكمة الشركات : _bالمفاهيم-المبادئ-التجارب -تطبيقات الحوكمة في المصارف / _c طارق عبد العال حماد |
|
| 260 |
_aالإسكندرية: _bالدار الجامعية للنشر والتوزيع, _c2005 |
||
| 300 |
_a819 صفحة؛ _bإيضاحات ؛ _c25 سم |
||
| 504 | _aالمراجع ص803. | ||
| 520 | _aحوكمة الشركات( المفاهيم، الخصائص، المبادئ-الركائز) - تطبيقات حوكمة الشركات في المصارف. | ||
| 653 | _aالشركات- تنظيم و إدارة | ||
| 653 | _aالمصارف | ||
| 653 | _aحوكمة الشركات | ||
| 942 | _cكتاب | ||
| 999 |
_c45564 _d45564 |
||